000 00681nam a2200193 i 4500
001 60625
003 ES-MaACL
005 20230906164255.0
007 t|
008 031105s1972 sp ||||1| spa d
100 1 _aEstefanía, Dulce.
_948091
245 1 4 _aLos panegíricos de Flavio Cresconio Corippo /
_cDulce Estefanía.
260 _aSantiago de Compostela :
_bUniversidad de Santiago de Compostela,
_c1972.
300 _a82 p. ;
_c24 cm.
490 1 _aMonografías de la Universidad de Santiago de Compostela ;
_v17
830 0 _aMonografías de la Universidad de Santiago de Compostela ;
_v17
_9181904
852 _aES-MaACL
_jC-45019
_bR.83573
999 _c60625
_d60625